Consent and law problems and perspectives (Record no. 190025)

MARC details
000 -LEADER
fixed length control field 00431nam a2200169Ia 4500
005 - DATE AND TIME OF LATEST TRANSACTION
control field 20250402113836.0
008 - FIXED-LENGTH DATA ELEMENTS--GENERAL INFORMATION
fixed length control field 231217s9999 xx 000 0 und d
020 ## - INTERNATIONAL STANDARD BOOK NUMBER
International Standard Book Number 9788131418215
082 ## - DEWEY DECIMAL CLASSIFICATION NUMBER
Classification number 340 SUD;1 R
100 ## - MAIN ENTRY--PERSONAL NAME
Personal name Sudarshan, N ed.
245 #0 - TITLE STATEMENT
Title Consent and law problems and perspectives
250 ## - EDITION STATEMENT
Edition statement 1st ed.
260 ## - PUBLICATION, DISTRIBUTION, ETC. (IMPRINT)
Date of publication, distribution, etc. 2008
Name of publisher, distributor, etc. ICFAI press
Place of publication, distribution, etc. Hyderabad
300 ## - PHYSICAL DESCRIPTION
Extent vii, 242
650 ## - SUBJECT ADDED ENTRY--TOPICAL TERM
Topical term or geographic name as entry element Consent,law
942 ## - ADDED ENTRY ELEMENTS (KOHA)
Koha item type Books
Holdings
Date last seen Total Checkouts Full call number Accession number Old discount Cost, replacement price Price effective from Category Public note Lost status Damaged status Department Withdrawn status bill no. bill date Permanent Location Current Location Shelving location Entry date Vendor Cost, normal purchase price Grants Currency symbol Conversion rate Discount Discount type
26/01/2024   340 SUD;1 R 66965   38.00 26/01/2024 Books 66965     Central Library   1993 09/12/2014 Central Library Central Library Central Library 18/11/2010 ICFAI Press 38.00 MBA RS 1   Rupees

© For any Suggestions or Query, please contact the library staff @ librarian@pes.edu or Phone: +9180 2672 1983/ 2108.